| 000 | 00824nam a22002297a 4500 | ||
|---|---|---|---|
| 999 |
_c16765 _d16765 |
||
| 003 | AR-CdUCM | ||
| 008 | 190506b ||||| |||| 00| 0 spa d | ||
| 040 |
_aMUNICIPALIDAD PROVINCIAL DEL CUSCO _cBIBLIOTECA MUNICIPAL DEL CUSCO |
||
| 082 |
_a800.8126 / _bO52 |
||
| 100 |
_aO'neill, Eugene _936412 |
||
| 245 | _aTeatro escogido / | ||
| 260 |
_aMadrid : _bAguilar, _c1958. |
||
| 300 |
_a1332 páginas ; _c19 cm. |
||
| 440 |
_aBiblioteca premios nobel _9447 |
||
| 505 | _aContenido : El premio nobel de literatura de 1936 -- O'neill y su sentimiento trágico de la vida -- Mas allá del horizonte dramas en tres actos (1918) ... | ||
| 650 |
_aLiteratura _983 |
||
| 650 |
_aPremio nobel _9357 |
||
| 650 |
_aSiglo XX _98 |
||
| 700 |
_aMirlas, León (Traducción) _99583 |
||
| 942 |
_2ddc _cLIBROS |
||
| 945 |
_arah _d06/05/2019 |
||